000
00314nam a2200121 a 4500
005
20140414131850.0
008
100728s19uu xx 00 eng d
050
_a
M 567.9
_b
D64 1987
100
_a
Dixon, Dougal
245
_a
The jurassic dinosaurs.
260
_a
New York :
_b
Scholastic ,
_c
1987.
999
_c
110139
_d
110139